ՀՀ Գիտությունների ազգային ակադեմիայի հիմնարար գիտական գրադարան  =   Fundamental Scientific Library of NAS RA

Չորս առակ մանուկների համար. (Record no. 121337)

MARC details
000 -LEADER
fixed length control field 00641nam a2200229 u 4500
001 - CONTROL NUMBER
control field 000325271
003 - CONTROL NUMBER IDENTIFIER
control field AM-YeHGA
005 - DATE AND TIME OF LATEST TRANSACTION
control field 20250617130632.0
008 - FIXED-LENGTH DATA ELEMENTS--GENERAL INFORMATION
fixed length control field 040408s1884 ru r 000 0 arm d
040 ## - CATALOGING SOURCE
Original cataloging agency AM-YeHGA
041 0# - LANGUAGE CODE
Language code of text/sound track or separate title arm
090 ## - LOCALLY ASSIGNED LC-TYPE CALL NUMBER (OCLC); LOCAL CALL NUMBER (RLIN)
-- 122690
245 00 - TITLE STATEMENT
Title Չորս առակ մանուկների համար.
260 ## - PUBLICATION, DISTRIBUTION, ETC.
Place of publication, distribution, etc. Մոսկուա :
Name of publisher, distributor, etc. Մ.Հ.Ո.Գ.Ը. հրատ,
Date of publication, distribution, etc. 1884.
300 ## - PHYSICAL DESCRIPTION
Extent 32 էջ
650 14 - SUBJECT ADDED ENTRY--TOPICAL TERM
Topical term or geographic name entry element Մանկական գրականություն
740 02 - ADDED ENTRY--UNCONTROLLED RELATED/ANALYTICAL TITLE
Uncontrolled related/analytical title Մրմռան կատու
740 02 - ADDED ENTRY--UNCONTROLLED RELATED/ANALYTICAL TITLE
Uncontrolled related/analytical title Կապոյտ կրակ
740 02 - ADDED ENTRY--UNCONTROLLED RELATED/ANALYTICAL TITLE
Uncontrolled related/analytical title Կախարդ կանայք
740 02 - ADDED ENTRY--UNCONTROLLED RELATED/ANALYTICAL TITLE
Uncontrolled related/analytical title Փինաչի
942 ## - ADDED ENTRY ELEMENTS (KOHA)
Source of classification or shelving scheme Universal Decimal Classification
Koha item type Գրքեր / Books
Holdings
Withdrawn status Lost status Source of classification or shelving scheme Damaged status Not for loan Collection Home library Current library Date acquired Total checkouts Full call number Barcode Date last seen Price effective from Koha item type Public note
    Universal Decimal Classification     Agulian Individual Collection Fundamental Scientific Library Fundamental Scientific Library 22/12/2016   Agul/308 FL0080297 22/12/2016 22/12/2016 Գրքեր / Books ILL Non-Circ.
    Universal Decimal Classification     Agulian Individual Collection Fundamental Scientific Library Fundamental Scientific Library 22/12/2016   Agul/309 FL0080296 22/12/2016 22/12/2016 Գրքեր / Books ILL Non-Circ.
          General Fundamental Scientific Library Fundamental Scientific Library 22/12/2016   AII/11001 FL0015076 22/12/2016 22/12/2016 Գրքեր / Books 30 Days Loan
          General Fundamental Scientific Library Fundamental Scientific Library 22/12/2016   AII/68034 220068034 22/12/2016 22/12/2016 Գրքեր / Books 30 Days Loan


ՀՀ ԳԱԱ հիմնարար գիտական գրադարան
ՀՀ,Երևան 0019
Մարշալ Բաղրամյան 24/6
հեռախոս:(374-10) 52-47-50
Հետադարձ կապ

All site content, except where otherwise noted, is licensed under a
Creative Commons License